Century of social service, 1859-1959 (Record no. 662284)

MARC details
000 -LEADER
fixed length control field 00542nam a2200193Ia 4500
003 - CONTROL NUMBER IDENTIFIER
control field OSt
005 - DATE AND TIME OF LATEST TRANSACTION
control field 20220926035449.0
008 - FIXED-LENGTH DATA ELEMENTS--GENERAL INFORMATION
fixed length control field 220923b |||||||| |||| 00| 0 eng d
037 ## - SOURCE OF ACQUISITION
Terms of availability General Book
040 ## - CATALOGING SOURCE
Original cataloging agency RTL
Transcribing agency RTL
Language of cataloging eng
041 ## - LANGUAGE CODE
Source of code eng
Language code of text/sound track or separate title eng
100 ## - MAIN ENTRY--PERSONAL NAME
Personal name Lipman V D
9 (RLIN) 107036
245 #0 - TITLE STATEMENT
Title Century of social service, 1859-1959
Remainder of title the Jewish
942 ## - ADDED ENTRY ELEMENTS (KOHA)
Classification part Y:4:6.3.N59<---M59, J9
Koha item type General Books
Source of classification or shelving scheme Colon Classification (CC)

No items available.

Copyright @ Delhi University Library System